000 00507nam a2200181Ia 4500
005 20250508163413.0
008 008 250505s9999 xx 000 0 eng d
037 _aTextual
040 _aFEDL
_beng
_cFEDL
041 _aeng
_2eng
084 _aB, RAM
_qFEDL
245 0 _aSri Ramakrishna and Swami Vivekananda
260 _aLondon, UK
_bOxford University Press
_c1953
300 _a64p.
490 _aLeaders of Modern India Grade 5
942 _cTEXL
_hB, RAM
999 _c1382870
_d1382870